000 00752nam a2200265Ia 4500
003 OSt
005 20220926005244.0
006 a|||||r|||| 00| 0
007 ta
008 220923b |||||||| |||| 00| 0 eng d
020 _a8178290863
037 _cGeneral Book
040 _aRTL
_cRTL
_beng
041 _2eng
_aeng
082 _aY:1.20m73.P, P2
100 _aKapur Ashok Ed.
_9309943
245 0 _aIndia and the United States in a changing world
260 _a New Delhi
_bSage Publictions
_c2002
300 _a560p
_ccm.
500 _aBibliography chapterwise
650 _a Sociology
650 _aCulture and Civilization
942 _hY:1.20m73.P, P2
_cGB
_2CC
999 _c613315
_d613315